New dishes, (Record no. 18320)

MARC details
000 -LEADER
fixed length control field 00549cam a22002051 4500
001 - CONTROL NUMBER
control field ca 36001560
003 - CONTROL NUMBER IDENTIFIER
control field DLC
005 - DATE AND TIME OF LATEST TRANSACTION
control field 20260227111144.0
008 - FIXED-LENGTH DATA ELEMENTS--GENERAL INFORMATION
fixed length control field 790808s1931 nyu 000 0 eng
010 ## - LIBRARY OF CONGRESS CONTROL NUMBER
LC control number ca 36001560
035 ## - SYSTEM CONTROL NUMBER
System control number (OCoLC)5251036
040 ## - CATALOGING SOURCE
Original cataloging agency DLC
Transcribing agency RPB
Modifying agency RPB
-- DLC
042 ## - AUTHENTICATION CODE
Authentication code premarc
050 00 - LIBRARY OF CONGRESS CALL NUMBER
Classification number PN4305.M6
Item number B777
082 ## - DEWEY DECIMAL CLASSIFICATION NUMBER
Classification number 815.5
100 1# - MAIN ENTRY--PERSONAL NAME
Personal name Braun, Wilbur,
Dates associated with a name 1896-
245 10 - TITLE STATEMENT
Title New dishes,
Remainder of title a monologue,
Statement of responsibility, etc. by Wilbur Braun.
260 ## - PUBLICATION, DISTRIBUTION, ETC.
Place of publication, distribution, etc. New York,
Name of publisher, distributor, etc. Fitzgerald Publishing Corporation
Date of publication, distribution, etc. [c1931]
300 ## - PHYSICAL DESCRIPTION
Extent 14 p.
Dimensions 19 cm.

No items available.

Powered by Koha